[Event "NOR-ch Class4"]
[Site "Sarpsborg"]
[Date "2018.07.09"]
[Round "4"]
[White "Sather, Jorgen Vamnes"]
[Black "Erikstad, Anders"]
[Result "1-0"]
[WhiteElo "1365"]
[BlackElo "1210"]
[PlyCount "43"]
[EventDate "2018.07.07"]
[EventType "swiss"]
[EventRounds "9"]
[EventCountry "NOR"]
[SourceTitle "EXT 2024"]
[Source "ChessBase"]
[SourceDate "2023.10.10"]
[SourceVersion "1"]
[SourceVersionDate "2023.10.10"]
[SourceQuality "1"]

1. e4 e5 2. Nf3 Nf6 3. Nc3 Nc6 4. Bc4 Be7 5. a3 d6 6. h3 0-0 7. d3 b6 8. 0-0 Bb7 9. Nh2 Nd4 10. Be3 Ne6 11. Ng4 Qd7 12. Nxf6+ Bxf6 13. Qg4 Qe7 14. Ne2 Bc8 15. Qg3 Bg5 16. Bxe6 Bh4 17. Bxf7+ Rxf7 18. Qh2 Qf6 19. f4 exf4 20. Qxf4 Bg5 21. Qxg5 Qxb2 22. Qd8+ 1-0